<?xml version="1.0" encoding="UTF-8"?>
<record
    xmlns:xsi="http://www.w3.org/2001/XMLSchema-instance"
    xsi:schemaLocation="http://www.loc.gov/MARC21/slim http://www.loc.gov/standards/marcxml/schema/MARC21slim.xsd"
    xmlns="http://www.loc.gov/MARC21/slim">

  <leader>03061ngm a22005657a 4500</leader>
  <controlfield tag="006">a|||||s|||||00| 0 </controlfield>
  <controlfield tag="007">tz</controlfield>
  <controlfield tag="008">110613s2006    cau|||||s|||| 00| 0 eng d</controlfield>
  <datafield tag="020" ind1=" " ind2=" ">
    <subfield code="a">079074838X </subfield>
  </datafield>
  <datafield tag="020" ind1=" " ind2=" ">
    <subfield code="a">9780790748382 </subfield>
  </datafield>
  <datafield tag="082" ind1=" " ind2=" ">
    <subfield code="2">22</subfield>
    <subfield code="a">791.4372</subfield>
    <subfield code="b">SAN</subfield>
  </datafield>
  <datafield tag="245" ind1="0" ind2="0">
    <subfield code="a">San Francisco</subfield>
    <subfield code="h">[videorecording] /</subfield>
    <subfield code="c">A Metro-Goldwyn-Mayer Pictures ;  W.S. Van Dyke production ; screenplay by Anita Loos ; produced by John Emerson and Bernard H. Hyman.   </subfield>
  </datafield>
  <datafield tag="260" ind1=" " ind2=" ">
    <subfield code="a">Burbank, CA : </subfield>
    <subfield code="b">Warner Home Video, c2006.</subfield>
    <subfield code="c">2006</subfield>
  </datafield>
  <datafield tag="300" ind1=" " ind2=" ">
    <subfield code="a">1 videodisc (115 min.) :</subfield>
    <subfield code="b">sd., b&amp;w ;</subfield>
    <subfield code="c">4 3/4 in.   </subfield>
  </datafield>
  <datafield tag="500" ind1=" " ind2=" ">
    <subfield code="a">Originally released as a motion picture in 1936</subfield>
  </datafield>
  <datafield tag="500" ind1=" " ind2=" ">
    <subfield code="a">Special features: Alternate ending sequence; Documentary profile "Clark Gable: tall, dark &amp; handsome", hosted by Liam Neeson; 2 vintage "Fitzpartrick TravelTalk" shorts: "Cavalcade of San Francisco" and "Nigh descends on Treasure Island"; Classic cartoon "Bottles"; Theatrical trailer   </subfield>
  </datafield>
  <datafield tag="500" ind1=" " ind2=" ">
    <subfield code="a">Based on a story with the same title by Robert Hopkins </subfield>
  </datafield>
  <datafield tag="508" ind1=" " ind2=" ">
    <subfield code="6">Director of photography, Oliver T. Marsh ; film editor, Tom Held ; music director, Herbert Stothart; recording director, Douglas Shearer; director Woody Van Dyke</subfield>
  </datafield>
  <datafield tag="511" ind1=" " ind2=" ">
    <subfield code="a">Clark Gable, Jeanette MacDonald, Spencer Tracy, Jack Holt, Jessie Ralph, Ted Healy.</subfield>
  </datafield>
  <datafield tag="520" ind1=" " ind2=" ">
    <subfield code="a">Blackie Norton is a gambler with a big heart, and Father Tim Mullin is Blackie's childhood friend. Nob Hill snob Jack Burley, vies with Blackie for the attentions of beauty Mary Blake</subfield>
  </datafield>
  <datafield tag="521" ind1=" " ind2=" ">
    <subfield code="a">Not rated</subfield>
  </datafield>
  <datafield tag="538" ind1=" " ind2=" ">
    <subfield code="a">DVD; region 1, NTSC; full screen (1.33:1) presentation preserving the aspect ratio of its original theatrical exhibition; Dolby Digital mono., dual-layer.   </subfield>
  </datafield>
  <datafield tag="546" ind1=" " ind2=" ">
    <subfield code="a"> 	In English or dubbed French dialogue with optional English, French or Spanish subtitles; closed-captioned.</subfield>
  </datafield>
  <datafield tag="586" ind1=" " ind2=" ">
    <subfield code="a">Academy Award for Best Sound Recording , 1936</subfield>
  </datafield>
  <datafield tag="650" ind1=" " ind2=" ">
    <subfield code="9">25064</subfield>
    <subfield code="a">Gamblers</subfield>
    <subfield code="v">Drama   </subfield>
  </datafield>
  <datafield tag="650" ind1=" " ind2=" ">
    <subfield code="9">25065</subfield>
    <subfield code="a">Man-woman relationships</subfield>
    <subfield code="v">Drama </subfield>
  </datafield>
  <datafield tag="653" ind1=" " ind2=" ">
    <subfield code="c">June2011</subfield>
  </datafield>
  <datafield tag="655" ind1=" " ind2=" ">
    <subfield code="a">Feature films</subfield>
  </datafield>
  <datafield tag="655" ind1=" " ind2=" ">
    <subfield code="a">Romance drama</subfield>
  </datafield>
  <datafield tag="655" ind1=" " ind2=" ">
    <subfield code="a">Musical films</subfield>
  </datafield>
  <datafield tag="700" ind1=" " ind2=" ">
    <subfield code="9">25066</subfield>
    <subfield code="a">Van Dyke, W. S.</subfield>
    <subfield code="e">pro</subfield>
    <subfield code="e">drt</subfield>
  </datafield>
  <datafield tag="700" ind1=" " ind2=" ">
    <subfield code="9">25067</subfield>
    <subfield code="a">Loos, Anita</subfield>
    <subfield code="d">1893-1981</subfield>
    <subfield code="e">aus</subfield>
  </datafield>
  <datafield tag="700" ind1=" " ind2=" ">
    <subfield code="9">25068</subfield>
    <subfield code="a">Emerson, John</subfield>
    <subfield code="d">1874-1956</subfield>
    <subfield code="e">pro</subfield>
  </datafield>
  <datafield tag="700" ind1=" " ind2=" ">
    <subfield code="9">25069</subfield>
    <subfield code="a">Hyman, Bernard H.</subfield>
    <subfield code="d">1895-1942</subfield>
    <subfield code="e">pro</subfield>
  </datafield>
  <datafield tag="700" ind1=" " ind2=" ">
    <subfield code="9">25070</subfield>
    <subfield code="a">Gable, Clark</subfield>
    <subfield code="d">1901-1960</subfield>
    <subfield code="e">act</subfield>
  </datafield>
  <datafield tag="700" ind1=" " ind2=" ">
    <subfield code="9">25071</subfield>
    <subfield code="a">MacDonald, Jeanette</subfield>
    <subfield code="d">1903-1965</subfield>
    <subfield code="e">act</subfield>
  </datafield>
  <datafield tag="700" ind1=" " ind2=" ">
    <subfield code="9">25072</subfield>
    <subfield code="a">Tracy, Spencer</subfield>
    <subfield code="d">1900-1967</subfield>
    <subfield code="e">act</subfield>
  </datafield>
  <datafield tag="700" ind1=" " ind2=" ">
    <subfield code="9">25073</subfield>
    <subfield code="a">Holt, Jack</subfield>
    <subfield code="d">1888-1951</subfield>
    <subfield code="e">act   </subfield>
  </datafield>
  <datafield tag="700" ind1=" " ind2=" ">
    <subfield code="9">25074</subfield>
    <subfield code="a">Ralph, Jessie</subfield>
    <subfield code="e">act   </subfield>
  </datafield>
  <datafield tag="700" ind1=" " ind2=" ">
    <subfield code="9">25075</subfield>
    <subfield code="a">Healy, Ted</subfield>
    <subfield code="d">1896-1937</subfield>
    <subfield code="e">act   </subfield>
  </datafield>
  <datafield tag="700" ind1=" " ind2=" ">
    <subfield code="9">25076</subfield>
    <subfield code="a">Stothart, Herbert</subfield>
    <subfield code="d">1885-1949</subfield>
    <subfield code="e">msd</subfield>
  </datafield>
  <datafield tag="700" ind1=" " ind2=" ">
    <subfield code="9">25077</subfield>
    <subfield code="a">Shearer, Douglas</subfield>
    <subfield code="d">1899-1971</subfield>
    <subfield code="e">sds</subfield>
  </datafield>
  <datafield tag="700" ind1=" " ind2=" ">
    <subfield code="9">25078</subfield>
    <subfield code="a">Hopkins, Robert</subfield>
    <subfield code="d">1886-1966</subfield>
    <subfield code="t">San Francisco</subfield>
  </datafield>
  <datafield tag="700" ind1=" " ind2=" ">
    <subfield code="9">25079</subfield>
    <subfield code="a">Marsh, Oliver T.</subfield>
    <subfield code="d">1893-1941</subfield>
    <subfield code="e">cng</subfield>
  </datafield>
  <datafield tag="700" ind1=" " ind2=" ">
    <subfield code="9">25080</subfield>
    <subfield code="a">Held, Tom</subfield>
    <subfield code="d">1889-1962</subfield>
    <subfield code="e">flm</subfield>
  </datafield>
  <datafield tag="710" ind1=" " ind2=" ">
    <subfield code="9">25081</subfield>
    <subfield code="a">Metro-Goldwyn-Mayer</subfield>
  </datafield>
  <datafield tag="710" ind1=" " ind2=" ">
    <subfield code="9">25082</subfield>
    <subfield code="a">Warner Home Video (Firm)</subfield>
  </datafield>
  <datafield tag="710" ind1=" " ind2=" ">
    <subfield code="9">25083</subfield>
    <subfield code="a">Turner Entertainment Co.</subfield>
  </datafield>
  <datafield tag="942" ind1=" " ind2=" ">
    <subfield code="2">ddc</subfield>
    <subfield code="c">CDVDMOV</subfield>
  </datafield>
  <datafield tag="999" ind1=" " ind2=" ">
    <subfield code="c">15585</subfield>
    <subfield code="d">15585</subfield>
  </datafield>
  <datafield tag="952" ind1=" " ind2=" ">
    <subfield code="0">0</subfield>
    <subfield code="1">0</subfield>
    <subfield code="2">ddc</subfield>
    <subfield code="4">0</subfield>
    <subfield code="7">0</subfield>
    <subfield code="8">Baccah</subfield>
    <subfield code="a">MAIN</subfield>
    <subfield code="b">MAIN</subfield>
    <subfield code="c">2ND</subfield>
    <subfield code="d">2011-06-13</subfield>
    <subfield code="e">Purchase</subfield>
    <subfield code="g">190.00</subfield>
    <subfield code="h">12344</subfield>
    <subfield code="l">0</subfield>
    <subfield code="o">791.4372 SAN</subfield>
    <subfield code="p">000024127</subfield>
    <subfield code="r">2022-08-24 00:00:00</subfield>
    <subfield code="w">2011-06-13</subfield>
    <subfield code="y">CDVDMOV</subfield>
  </datafield>
</record>
